• 首页
  • 本馆介绍
  • 公告通知
  • 最新文献
  • 馆藏检索
  • 电子资源
  • 读者导购
  • 参考咨询
  • 我的图书馆
  • 登录
  • 详细信息显示
  • 放入我的书架
  • 预约/预借图书
  • 作者相关作品
  • 分类相关作品
  • 丛书相关作品
  • 出版社相关作品

书目信息

  • 表格格式
  • 工作单格式
  • 卡片格式
题名:
海上丝绸之路
    
 
作者: 陶红亮 主编
分册:  
出版信息: 北京   海洋出版社  2017
页数: 176页
开本: 24cm
丛书名: 海洋传奇
单 册:
中图分类: K203 , F752.9
科图分类:
主题词: 海上运输--hai shang yun shu--丝绸之路--中国--通俗读物
电子资源:
ISBN: 978-7-5027-9635-8
000 00890cam 2200277 450
001 012001011176
005 20131017133356.0
010    @a978-7-5027-9635-8@dCNY39.00
099    @aCAL 012017044741
100    @a20170402d2017 em y0chiy50 ea
101 0  @achi
102    @aCN@b110000
105    @aa z 000yy
106    @ar
200 1  @a海上丝绸之路@Ahai shang si chou zhi lu@f主编陶红亮
210    @a北京@c海洋出版社@d2017
215    @a176页@c彩图@d24cm
225 2  @a海洋传奇@Ahai yang chuan qi
330    @a本书介绍了中国古代海上丝绸之路的兴衰变迁,内容涵盖了政治、经济、交通、造船、港口、宗教文化交流等诸多方面。
410  0 @12001 @a海洋传奇
606 0  @a海上运输@Ahai shang yun shu@x丝绸之路@y中国@j通俗读物
690    @aK203@v5
690    @aF752.9@v5
701  0 @a陶红亮@Atao hong liang@4主编
801  2 @aCN@b上海新华@c20191020
905    @b1182798-801@dK203@e365@f4
    
    海上丝绸之路/主编陶红亮.-北京:海洋出版社,2017
    176页:彩图;24cm.-(海洋传奇)
    
    
    ISBN 978-7-5027-9635-8:CNY39.00
    本书介绍了中国古代海上丝绸之路的兴衰变迁,内容涵盖了政治、经济、交通、造船、港口、宗教文化交流等诸多方面。
●
相关链接 在E读中查询图书 在五车中查询图书 在当当中查询图书 在豆瓣中查询图书


正题名:海上丝绸之路     索取号:K203/365         预约/预借

序号 登录号 条形码 馆藏地/架位号 状态 备注
1 1182798   211827987   第二样本阅览室/ [索取号:K203/365] 在馆    
2 1182799   211827996   第二借阅区/ [索取号:K203/365] 在馆    
3 1182800   211828003   第二借阅区/ [索取号:K203/365] 在馆    
4 1182801   211828012   第二借阅区/ [索取号:K203/365] 在馆    
唐山师范学院图书馆 欢迎您!
大连网信软件有限公司© 版权所有